000 00657nam a2200241Ia 4500
003 OSt
005 20220926014148.0
006 a|||||r|||| 00| 0
007 ta
008 220923b |||||||| |||| 00| 0 eng d
020 _a0025174606
037 _cGeneral Book
040 _aRTL
_cRTL
_beng
041 _2eng
_aeng
082 _aX:74, L4
100 _aBrowne Harry
_9319961
245 0 _aYou can profit from a monetary crisis
260 _aNew York
_bMacmillan USA
_c1974
300 _aviii,397p. Appendix p 367-86
_ccm.
650 _aBusiness Cycle
942 _hX:74, L4
_cGB
_2CC
999 _c628091
_d628091